| 000 | 00635nam a2200193 a 4500 | ||
|---|---|---|---|
| 001 | 000043159 | ||
| 005 | 20201002040701.0 | ||
| 008 | 140220s1981 sp ac 000 0 spa d | ||
| 020 | _a8433455303 | ||
| 040 |
_aDO-SdBNP _bspa _cBNPHU |
||
| 082 |
_axxx _bxxx |
||
| 100 | 1 |
_aMaurín, Jeanne _970724 |
|
| 245 | 1 | 0 |
_aCómo se salvó Joaquín Maurín : _brecuerdos y testimonios / _cJeanne Maurín... [et al.]. |
| 260 |
_aMadrid : _bJúcar, D.L., _c1981. |
||
| 300 |
_a242 p. : _bil., retrs. ; _c20 cm. |
||
| 490 | 1 |
_aCrónica General de España _v30 |
|
| 700 | 1 |
_aMaurín, Joaquín _970725 |
|
| 830 | 0 |
_aCrónica General de España ; _n30 _970726 |
|
| 999 |
_c42648 _d42648 |
||